000 00307nam a22001217a 4500
020 _a0-07-99013-1
082 _a511.32 LIP
100 _aLIPSCHUTZ,SEYMOUR
_98529
245 _aTHEORY AND PROBLEMS OF SET THEORY AND RELATED TOPICS
260 _aSINGAPORE
_bMCGRAW HILL
_c1981
300 _a234P
942 _cBK
999 _c580439
_d580439